|
|
|
|
| LEADER |
00000cam a2200000 7i4500 |
| 001 |
0000002508 |
| 005 |
20030711.0 |
| 020 |
0 |
0 |
|a 9676113778
|
| 090 |
0 |
0 |
|a 658.4012
|b YEO 2003
|
| 100 |
1 |
0 |
|a YEOH
|h Michael
|
| 245 |
1 |
0 |
|a Wawasan dan kepimpinan :
|b nilai dan strategi ke arah wawasan 2020
|c Michael Yeoh; penterjemah, Rahayu Ibrahim, Suziana Abd. Aziz
|
| 260 |
0 |
0 |
|a Kuala Lumpur :
|b Institut Terjemahan Negara Malaysia ,
|c 2003
|
| 300 |
|
|
|a xi, 108 p. ;
|c 25 cm.
|
| 650 |
0 |
0 |
|a Industrial management
|z Malaysia
|
| 650 |
0 |
0 |
|a Strategic planning
|z Malaysia
|
| 650 |
0 |
0 |
|a Wawasan 2020
|
| 700 |
0 |
1 |
|a Rahayu Ibrahim
|
| 700 |
0 |
1 |
|a Suziana Abd. Aziz
|
| 998 |
|
|
|a JPSM
|
| 999 |
|
|
|a 0000004667
|b Monograph
|c Open Shelf
|e Default branch
|
| 999 |
|
|
|a 0000004941
|b Monograph
|c Open Shelf
|e Default branch
|